00581nam a2200193Ia 4500008004100000041000800041082001200049100001700061245003900078250001200117260002700129300000700156365000700163500000700170650003100177906001300208999002100221952014500242231222s2022 xx 000 0 und d aeng a612/BHI aDr.S.B.Bhise aHuman Anatomy and Physilogy Vol- I a9th aug bNirali Prakashanc2022 a9p cRS aBV aHuman Anatomy & Physiology aB.Pharam c1006948d1006948 00104070aCPPbCPPc7d2023-03-31eB.M.S.G.B.Ltd Puneg170.00l9o612/BHIpCPP-20r2026-04-06 00:00:00s2026-04-06v170.00w2023-12-26yBK